00356nam a2200145Ia 4500008004100000041001200041082000600053100004500059100000600104245005200110260001900162260000900181300001400190650000600204150909s9999 xx 000 0 und d aEnglish b- aMinistry od Agriculture And Irrigation  e- aRainfall of cropping pattern : Andrapradesh V.1 bGovt. of India c1976 a53 Pages a-